000
00323nam a22001457a 4500
008
230705b ||||| |||| 00| 0 eng d
020
_a
9780134469966
041
_a
eng
080
_2
2ND EDITION
_a
51
082
_a
51BLI
100
_a
23
101
_a
MATEM
245
_a
BLITZER TRIGONOMETRY
_c
BLITZER
942
_2
udc
_c
BK
999
_c
60094
_d
60094